| 000 | 00366nam a22001577a 4500 | ||
|---|---|---|---|
| 003 | SGT | ||
| 020 | _a978-0-323-40197-5 | ||
| 082 |
_a617.7 _bR18S |
||
| 100 | _aSCHACHAT, ANDREW P. | ||
| 245 | _aRYAN'S RETINA 3 VOLUME SET | ||
| 250 | _a6TH | ||
| 260 |
_aEDINBURGH _bELSEVIER PUB _c2018 |
||
| 300 | _a859,1819,2681 | ||
| 650 | _aOPHTHALMOLOGY | ||
| 942 |
_2ddc _cBK |
||
| 999 |
_c18733 _d18733 |
||